चित्रमय बाल कोश / (Record no. 209627)

MARC details
000 -LEADER
fixed length control field 01807nam a22002657a 4500
005 - DATE AND TIME OF LATEST TRANSACTION
control field 20250919163753.0
010 ## - LCCN (DPL NO)
LC control number B-775881-894 20BACCHHN25
020 ## - INTERNATIONAL STANDARD BOOK NUMBER
Terms of availability 700.00
International Standard Book Number 9789383110902
035 ## - SYSTEM CONTROL NUMBER
System control number B-775881-894
037 ## - SOURCE OF ACQUISITION
Source of stock number/acquisition ग्रंथ अकादमी
082 ## - DEWEY DECIMAL CLASSIFICATION NUMBER
Classification number 030
Item number तिवारी
100 ## - MAIN ENTRY--PERSONAL NAME
Personal name तिवारी, भोलानाथ
245 ## - TITLE STATEMENT
Title चित्रमय बाल कोश /
Statement of responsibility, etc भोलानाथ तिवारी [एवं] मुकुल प्रियदर्शिनी
246 ## - VARYING FORM OF TITLE
Title proper/short title Chitramay bal kosh /
Remainder of title by Bholanath Tiwari [evam] Mukul Priyadarshni
260 ## - PUBLICATION, DISTRIBUTION, ETC. (IMPRINT)
Place of publication, distribution, etc नई दिल्ली
Name of publisher, distributor, etc ग्रन्थ अकादमी
Date of publication, distribution, etc 2022
270 ## - ADDRESS
City नइ दिल्ली
Address भवन संख्या-19, पहली मंजिल,2 अंसारी रोड, दरियागंज
Postal code 110002
300 ## - PHYSICAL DESCRIPTION
Extent 428 पृ.
Dimensions 22सेमी(सजिल्द )
Other physical details सचित्र
650 ## - SUBJECT ADDED ENTRY--TOPICAL TERM
Topical term or geographic name as entry element हिन्दी भाषा - कोश
General subdivision
Geographic subdivision
650 ## - SUBJECT ADDED ENTRY--TOPICAL TERM
Topical term or geographic name as entry element पिक्चर शब्दकोशों, हिंदी - किशोर साहित्य
650 ## - SUBJECT ADDED ENTRY--TOPICAL TERM
Topical term or geographic name as entry element Hindi language -- Dictionaries
650 ## - SUBJECT ADDED ENTRY--TOPICAL TERM
Topical term or geographic name as entry element Picture dictionaries, Hindi -- Juvenile literature
700 ## - ADDED ENTRY--PERSONAL NAME
Personal name प्रियदर्शिनी, मुकुल
9 (RLIN) 66661
942 ## - ADDED ENTRY ELEMENTS (KOHA)
Source of classification or shelving scheme Dewey Decimal Classification
Item type Children Books
Classification part 030
Call number suffix तिवारी
Holdings
Withdrawn status Lost status Not for loan Collection code Home library Current library Date acquired Source of acquisition Cost, normal purchase price Full call number Barcode Copy number Cost, replacement price Koha item type
      Non-fiction Ashok Vihar Ashok Vihar 19/09/2025 ग्रन्थ अकादमी /11812/28.03.2025/228/21.03.2025/29.03.2025 700.00 030 तिवारी B-775884 1 700.00 Children Books
      Non-fiction Bagh Kadhe Khan Bagh Kadhe Khan 19/09/2025 ग्रन्थ अकादमी /11812/28.03.2025/228/21.03.2025/29.03.2025 700.00 030 तिवारी B-775890 1 700.00 Children Books
      Reference Bawana Bawana 19/09/2025 ग्रन्थ अकादमी /11812/28.03.2025/228/21.03.2025/29.03.2025 700.00 030 तिवारी B-775892 1 700.00 Children Books
      Reference Central Library Central Library 19/09/2025 ग्रन्थ अकादमी /11812/28.03.2025/228/21.03.2025/29.03.2025 700.00 030 तिवारी B-775881 2 700.00 Children Books
      Non-fiction Central Library Central Library 19/09/2025 ग्रन्थ अकादमी /11812/28.03.2025/228/21.03.2025/29.03.2025 700.00 030 तिवारी B-775882 2 700.00 Children Books
      Reference Janak Puri Janak Puri 19/09/2025 ग्रन्थ अकादमी /11812/28.03.2025/228/21.03.2025/29.03.2025 700.00 030 तिवारी B-775886 1 700.00 Children Books
      Reference Narela Narela 19/09/2025 ग्रन्थ अकादमी /11812/28.03.2025/228/21.03.2025/29.03.2025 700.00 030 तिवारी B-775891 1 700.00 Children Books
      Non-fiction New Police Line New Police Line 19/09/2025 ग्रन्थ अकादमी /11812/28.03.2025/228/21.03.2025/29.03.2025 700.00 030 तिवारी B-775883 1 700.00 Children Books
      Non-fiction New Rohtak Road New Rohtak Road 19/09/2025 ग्रन्थ अकादमी /11812/28.03.2025/228/21.03.2025/29.03.2025 700.00 030 तिवारी B-775889 1 700.00 Children Books
      Reference Patel Nagar Patel Nagar 19/09/2025 ग्रन्थ अकादमी /11812/28.03.2025/228/21.03.2025/29.03.2025 700.00 030 तिवारी B-775885 1 700.00 Children Books
      Non-fiction Sarojini Nagar Sarojini Nagar 19/09/2025 ग्रन्थ अकादमी /11812/28.03.2025/228/21.03.2025/29.03.2025 700.00 030 तिवारी B-775887 1 700.00 Children Books
      Non-fiction Shahdara Branch Shahdara Branch 19/09/2025 ग्रन्थ अकादमी /11812/28.03.2025/228/21.03.2025/29.03.2025 700.00 030 तिवारी B-775893 1 700.00 Children Books
      Non-fiction Vinoba Puri Vinoba Puri 19/09/2025 ग्रन्थ अकादमी /11812/28.03.2025/228/21.03.2025/29.03.2025 700.00 030 तिवारी B-775888 1 700.00 Children Books
      Non-fiction Yojana Vihar Yojana Vihar 19/09/2025 ग्रन्थ अकादमी /11812/28.03.2025/228/21.03.2025/29.03.2025 700.00 030 तिवारी B-775894 1 700.00 Children Books

© Delhi Public Library
Hit Counter
free hit counter